The Ultimate UFC Champions Quiz - Statistics

General Stats
  • This quiz has been taken 1,160 times
    1,067 since last reset
  • The average score is 36 of 70
Answer Stats
Tournament Winners Answer % Correct
Conor McGregor
88%
Jon Jones
88%
Anderson Silva
84%
Jose Aldo
83%
Georges St-Pierre
81%
Ronda Rousey
81%
Daniel Cormier
79%
Brock Lesnar
78%
Demetrious Johnson
78%
Royce Gracie
76%
Chuck Liddell
75%
Dominick Cruz
73%
Cain Velasquez
72%
T.J. Dillashaw
72%
Chris Weidman
70%
Randy Couture
70%
Tito Ortiz
68%
Matt Hughes
67%
B.J. Penn
66%
Frank Mir
65%
Quinton Jackson
65%
Robbie Lawler
65%
Junior dos Santos
64%
Mauricio Rua
64%
Rafael dos Anjos
64%
Anthony Pettis
63%
Fabricio Werdum
63%
Frank Shamrock
63%
Lyoto Machida
63%
Matt Serra
63%
Benson Henderson
62%
Forrest Griffin
58%
Rashad Evans
58%
Dan Henderson
57%
Frankie Edgar
57%
Joanna Jedrzejczyk
57%
Renan Barao
57%
Johny Hendricks
55%
Vitor Belfort
51%
Kevin Jackson
50%
Mark Coleman
50%
Rich Franklin
49%
Carlos Condit
46%
Tim Sylvia
45%
Andrei Arlovski
44%
Carla Esparza
41%
Bas Rutten
39%
Jens Pulver
39%
Kevin Randleman
39%
Shane Carwin
38%
Sean Sherk
37%
Carlos Newton
34%
Dan Severn
34%
Josh Barnett
32%
Maurice Smith
32%
Pat Miletich
32%
Antonio Rodrigo Nogueira
31%
Evan Tanner
29%
Don Frye
28%
Murilo Bustamante
24%
Ricco Rodriguez
24%
Dave Menne
23%
Kazushi Sakuraba
18%
Oleg Taktarov
14%
Mark Kerr
13%
Steve Jennum
12%
Guy Mezger
11%
Marco Ruas
11%
Jerry Bohlander
9%
Kenichi Yamamoto
9%
No matching quizzes found
Score Distribution
Percent of People with Each Score
Percentile by Number Answered
Your Score History
You have not taken this quiz since the last reset